000 00554nam a2200169Ia 4500
003 GCL
005 20240530102432.0
008 140319s9999 xx 000 0 ara d
040 _aGCL /
_cGCL
082 0 4 _a810.9
_bم م
100 0 _aمصطفى الصاوى الجوينى
245 1 0 _aمعالم فى النقد الادبى /
_cمصطفى الصاوى الجوينى
260 _a[S.N] :
_bمنشاة المعارف الاسلامية ،
_c1985
300 _a480 ص
490 _aسلسلة كتب الادب والنقد
_v0
942 _2ddc
_cBK
999 _c32216
_d32216